000 00509nam a2200133 4500
999 _c9028
_d9028
008 180404b ||||| |||| 00| 0 eng d
082 _aDPer 050 Dec 2015-Mar 2016 T48 v186-187
100 _927130
_aDockterman, Eliana.
245 _aA barbie for every body:
_bbeauty ideals have changed. Can the blond icon catch up?/
_cEliana Dockterman.
260 _aNew York:
_bTime Inc.,
_c©Dec 2015-Mar 2016.
300 _av187 n4, pages 34-41:
_billustrations;
_c27 cm.
650 0 _927131
_aDolls.
942 _2ddc
_cPER